Visualizzazione normale
Vista MARC
di Personal Name
Records bibliografici associati: 19
001 - CONTROL NUMBER
- control field: 46
003 - CONTROL NUMBER IDENTIFIER
- control field: IT-RoPau
005 - DATE AND TIME OF LATEST TRANSACTION
- control field: 20121126112607.0
008 - FIXED-LENGTH DATA ELEMENTS
- fixed length control field: 121126|| aca||aabn | a|a d
040 ## - CATALOGING SOURCE
- Original cataloging agency: IT-RoPau
- Transcribing agency: IT-RoPau
100 ## - HEADING--PERSONAL NAME
- Personal name:
- Titles and other words associated with a name: coll.
670 ## - SOURCE DATA FOUND
- Source citation: Work cat.: (IT-RoPau)25136: Alberione, Giacomo Giaccardo, Timoteo ssp 33, La Primavera Paolina, 1983